[Event "Dos Hermanas"]
[Site "Dos Hermanas"]
[Date "1997.04.04"]
[Round "3"]
[White "Topalov, Veselin"]
[Black "Anand, Viswanathan"]
[Result "1/2-1/2"]
[WhiteElo "2725"]
[BlackElo "2765"]
[Annotator "Huebner,R"]
[PlyCount "51"]
[EventDate "1997.04.01"]
[EventType "tourn"]
[EventRounds "9"]
[EventCountry "ESP"]
[EventCategory "19"]
[SourceTitle "CBM 059"]
[Source "ChessBase"]
[SourceDate "1997.08.01"]
[SourceVersion "1"]
[SourceVersionDate "1997.08.01"]
[SourceQuality "1"]

1. Nf3 {Ftacnik} d5 2. d4 Nf6 3. c4 c6 4. Nc3 dxc4 5. a4 Bf5 6. Ne5 e6 7. f3
Bb4 8. e4 Bxe4 9. fxe4 Nxe4 10. Bd2 Qxd4 11. Nxe4 Qxe4+ 12. Qe2 Bxd2+ 13. Kxd2
Qd5+ 14. Kc2 Na6 15. Nxc4 b5 (15... Nb4+ {Ftacnik} 16. Kb3 b5 17. Kxb4 bxc4 18.
Qxc4 Rb8+ 19. Ka3 Qd6+ 20. Ka2 O-O 21. Qc2 {1-0 Trifunovic,P-Sokolov,V/JUG-ch
Zagreb (15)/1961 (46)}) 16. axb5 Nb4+ 17. Kc3 (17. Kb3 {Ftacnik} cxb5 18. Kxb4
bxc4 19. Qxc4 Rb8+ 20. Ka3 Qa5+ 21. Qa4+ {1/2-1/2 Bareev,E-Khalifman,A/Ubeda 
(08) 1997}) 17... cxb5 18. Rd1 (18. Nb6 {Ftacnik} Qc5+ 19. Kb3 Nc6 20. Qxb5
Qe3+ 21. Kc2 Qf2+ 22. Kc3 Qd4+ {1/2-1/2 Shirov,A-Khalifman,A/Ter Apel (05) 1997
}) 18... bxc4 {Eine überraschende Lösung von verblüffender Einfachheit; ich
setze aber kein Vertrauen in sie. Meines Erachtens ist es nötig, sich auf die
von Z. Ribli in der Informatormonographie (Slawisch D16-19 unter D 17/76,
Fußnote 473) angegebene Fortsetzung} (18... Qc5 19. Qe5 Nd5+ (19... Qxe5+ 20.
Nxe5 Nd5+ 21. Rxd5 $1 (21. Kb3 a6 22. Bd3 $14) 21... exd5 22. Bxb5+ Ke7 23. Re1
$16) 20. Rxd5 Qxd5 21. Nd6+ Kf8 (21... Ke7 22. Nf5+ Kd8 23. Qxd5+ exd5 24. Bxb5
$14) 22. Qxd5 exd5 {einzulassen.} (22... exd5 {Ftacnik} 23. Bxb5 $14)) (18...
Qxc4+ $6 {Ftacnik} 19. Qxc4 bxc4 20. Kxb4 Rb8+ 21. Kc3 $16) 19. Rxd5 (19. Kxb4
$2 {Ftacnik} Rb8+ 20. Kc3 Qa5+ 21. Kc2 Qa4+ 22. Kb1 c3 $19) 19... Nxd5+ 20. Kc2
(20. Kd2 {wurde in der Partie Salow-Illescas Cordoba aus dem gleichen Turnier
gespielt; dieser Zug scheint mir stärker zu sein als 20.Kc2. Weiß eilt, seinen
König am Königsflügel in Sicherheit zu bringen; außerdem hängt der Bauer auf
c4 sofort. Schwarz dürfte verloren sein.}) (20. Kxc4 {Ftacnik} O-O 21. Kd4 Rfd8
$13) 20... O-O 21. Qe4 (21. g3 {kommt in Betracht, um den Springer auf d5
möglichst bald zu befragen. Nach} Rab8 (21... c3 22. Bg2 Nb4+ (22... cxb2 23.
Bxd5 {sieht hoffnungslos für Schwarz aus.}) 23. Kxc3 Rab8 24. Be4 {dürfte
Schwarz nicht überleben können.}) 22. Bg2 Nb4+ 23. Kc3 Nd3 24. Rb1 Rb3+ (24...
Rfc8 {wird mit} 25. b4 {beantwortet.}) 25. Kxc4 Rfb8 26. Qxd3 R8b4+ 27. Kc5
Rxd3 28. Kxb4 Rd2 29. Bc6 Rxh2 30. b3 {Schwarz dürfte die Partie auf Grund der
Schwäche seines a-Bauern kaum halten können.}) 21... Rfc8 {Ftacnik: Black
builds a very unusual fortress. Ftacnik: Schwarz baut eine sehr ungewohnliche
Festung.} 22. h4 (22. Be2 Rc5 (22... c3 23. b3 ({Auch nach} 23. Ba6 Rc7 24.
bxc3 Rb8 25. Ra1 Rxc3+ 26. Kd1 {hat Weiß Aussichten, seinen Materialvorteil zu
konsolidieren.}) 23... Rab8 24. Ra1 Nb4+ 25. Kc1 {scheint mir vielversprechend
für Weiß auszusehen.}) (22... Rab8 23. Ra1 c3 24. b3 Nb4+ 25. Kc1 {führt zur
selben Stellung wie Variante A. Auch wenn Schwarz auf den Vorstoß seines
c-Bauern verzichtet, kommt er in Schwierigkeiten.}) 23. Ra1 a5 {ist aber von
der Partiefortsetzung nicht wesentlich verschieden.}) (22. Bxc4 $2 {Ftacnik}
Rxc4+ 23. Qxc4 Ne3+ $19) 22... Rc5 23. Rh3 Rac8 24. Ra3 a5 25. Kc1 (25. Ra4 {
Ftacnik} h5 26. Qd4 Nb6 27. Ra1 Nd5 $13) 25... h5 {Weiß kann seine Stellung
nicht mehr verbessern.} 26. Qd4 1/2-1/2

[Event "Dos Hermanas"]
[Site "Dos Hermanas"]
[Date "1997.04.12"]
[Round "9"]
[White "Anand, Viswanathan"]
[Black "Polgar, Judit"]
[Result "1-0"]
[WhiteElo "2765"]
[BlackElo "2645"]
[Annotator "Anand,V"]
[PlyCount "143"]
[EventDate "1997.04.01"]
[EventType "tourn"]
[EventRounds "9"]
[EventCountry "ESP"]
[EventCategory "19"]
[SourceTitle "CBM 059"]
[Source "ChessBase"]
[SourceDate "1997.08.01"]
[SourceVersion "1"]
[SourceVersionDate "1997.08.01"]
[SourceQuality "1"]

{This game was played in the 9th round. Kramnik had 5.5 points, I had 5 and
Topalov, Karpov and Polgar had 4.5. Kramnik played Topalov. I knew that if
they drew, then I would have a chance to win the tournament.} 1. Nf3 {Huzman}
Nf6 2. c4 g6 {I had studied the King's Indian quite well, since I knew that if
I played 1.Nf3, then there would be a few players who would play the King's
Indian. Shirov opted for the Slav, but finally a KID appears!} 3. Nc3 Bg7 4. e4
d6 5. d4 O-O 6. Be2 e5 7. O-O Nc6 8. d5 Ne7 9. b4 {Quite the rage these days.
I like it because there are only a few critical positions to study, and so far,
there doesn't seem a clear way for Black.} a5 10. Ba3 b6 {Looked new for a
second, but I didn't see any difference between this and 10...axb4, (except
that the same position can arise after move 11 or move 12!) so...} 11. bxa5
Rxa5 12. Bb4 Ra8 13. a4 Nh5 {This doesn't seem right. 13...Ne8 is played more
often and rightly so, in my opinion. Now c7 is weak.} (13... Ne8 {[%csl Rc7]
Huzman}) 14. a5 {During the game, I thought that it was important to just go
ahead, but now I think that this is imprecise.} (14. Re1 {Quite simple. White
can always play a4-a5 on the next move. White's light squared bishop is very
important.}) (14. Re1 $5 {Huzman} Nf4 15. Bf1 {[%cal Ya4a5]}) 14... bxa5 15.
Bxa5 Nf4 16. Nd2 {Once again, just Re1 was better. Black has to decide right
away whether she is going to take the bishop.} Qd7 $1 {Of course fairly
obvious, but I was mesmerised by the "x-ray" on d8! When she played this, I
suddenly felt uncomfortable on the h3 square.} 17. Re1 Bh6 $2 {A really bad
move. Even passing would have been better.} (17... Nxg2 $1 {Having played Qd7,
why not use it?} 18. Kxg2 Rxa5 19. Rxa5 Qh3+ 20. Kg1 Qxc3 21. Ra7 {I thought
this was very strong, but then I saw Black's next...} Qd4 $1 (21... Qb4 $1 {
Huzman} 22. Qc2 Bh6 23. Rd1 Qb6 24. Raa1 f5 $132) 22. Ra3 $1 {And White is
certainly better, but Black is doing well on the dark squares and can start
counterplay with f5.} (22. Rxc7 Qb6 $1 23. Rxe7 Bf6)) 18. Bf1 c6 (18... f5 $142
{Huzman} 19. c5 $16 (19. g3 Nh5 20. exf5 Nxf5 21. Nb5 Nf6 22. Bxc7 (22. Ne4
Nxe4 23. Rxe4 c6)) 19... dxc5 20. Nb3 (20. Nc4 fxe4 $132)) 19. c5 $1 {This
would not work with the bishop on g7.} cxd5 (19... dxc5 20. Nc4 {/\ Nb6+/-})
20. exd5 $1 dxc5 (20... Nexd5 21. Nxd5 Nxd5 22. Ne4 Bb7 23. Qxd5 $1 $18) 21.
Nde4 Bg7 (21... f5 {Huzman} 22. Nxc5 Qd6 23. Bb4 Rxa1 24. Qxa1 Nexd5 25. Bc4
Kh8 (25... Rd8 26. Nxd5 Nxd5 27. Rxe5 $18) 26. Bxd5 Nxd5 27. Rd1 $18) 22. Bb5
Qb7 23. Nxc5 $6 {I saw that d6 would win a piece, but decided to try for more..
.} (23. d6 Nf5 24. d7 Nd4 25. dxc8=Q {Black has some ~/=, but eventually the
extra piece should tell.}) 23... Qb8 $1 {And wound up with less.} 24. Bf1 $6 (
24. d6 $1 Ned5 $1 {Is what I had missed.} 25. d7 (25. Nxd5 Qxb5 $13 (25... Qxb5
26. Ne7+ Kh8 27. d7 Bxd7 28. Nxd7 Rfe8 29. Bc3 $11)) 25... Rxa5 $1 (25... Nxc3
26. Bxc3 Rxa1 (26... Bb7 27. Bf1 $16) 27. Bxa1 Qxb5 28. d8=Q Qxc5 29. Q8d6 $16)
26. Rxa5 Nxc3 (26... Nxc3 {Huzman} 27. Qb3 Bxd7 28. Nxd7 Qb7 29. f3 e4 $132))
24... Bf5 (24... Rxa5 25. Rxa5 Qb4 26. Qa1 $1 $18 (26. Rb5 {Huzman} Qxc3 27. d6
$14)) 25. d6 $1 Nc6 26. Bc7 {White has to start all over again, but at least I
don't have to push the d-P to d6 again!} Rxa1 (26... Qb4 $5 {Huzman} 27. N5e4
$16) 27. Qxa1 Qb4 28. N5e4 Qb3 29. Rb1 Qe6 30. Qa4 Nd4 (30... Bxe4 31. Nxe4 Nd4
32. Kh1 $1 $16 {Stepping out of any tricks with the Ns.}) 31. Bc4 $1 {Now the
queens go.} Qd7 32. Qxd7 Bxd7 33. Nd5 (33. Nc5 Bc6) 33... Be6 $1 34. Nb6 Bxc4
35. Nxc4 Nfe6 36. Nb6 $1 {Black's R has nowhere to go.} f5 37. Nc3 e4 38. Ncd5
$2 {Another one. After Kf1, Black would have no defence to Ncd5, but now she
gets some relief by exchanging one pair of Ns.} (38. Kf1 $1 $16 {[%cal Yc3d5]
Huzman}) 38... Ne2+ (38... Kf7 {Huzman} 39. Kf1 $16) 39. Kf1 Nc3 $1 40. Rc1
Nxd5 41. Nxd5 Be5 {Now I realized that White was in danger of losing his
advantage entirely. From here on however, I think I played quite well.} (41...
Kf7 {This doesn't help Black.} 42. Bb6 $1 {/\ d7} Ke8 (42... Bh6 {Huzman} 43.
Ra1 $16) 43. Nc7+ $1 Kd7 (43... Nxc7 44. dxc7 Kd7 45. Rd1+ $18) 44. Nxe6 Kxe6
45. d7 $1 Kxd7 (45... Bf6 46. Rc8 $18) 46. Rc7+ $18) 42. Bb6 Rf7 43. Rc8+ Nf8
44. Ne7+ {White must keep the R boxed in as long as possible.} Kg7 45. Bc5 Nd7
46. Bb4 Kf6 (46... Bxh2 {Huzman} 47. Rc7 Nf6 48. Rb7 $16 {[%cal Yd6d7]}) 47.
Re8 $1 {White eventually wants to get his N to d8 to dislodge the Black rook.}
Bb2 48. Nd5+ Kg7 49. Nc7 {/\ 50.Ne6+ Kf6 51.Nd8!} Ne5 {Black has cleared d7
for her R, but now her bishop is running out of squares. When I saw that after
Ne6+, Black has to play Kf6, White's next move became apparent.} 50. Bd2 $1 {
/\ 51.Ne6+ Kf6 52.Bg5#} h6 51. Rb8 $1 Ba1 (51... Ba3 52. Bc3 Bxd6 53. Ne8+ $18)
(51... Nc4 52. Rxb2 $1 $18) 52. Ra8 Nc4 (52... Bb2 53. Ra2 $18 (53. Ra2 {Huzman
} Nc4 54. Rxb2 $18)) 53. Ne8+ $1 {The Black king must be forced to h7 for the
subsequent fork on f6.} Kh7 54. Rxa1 $1 Nxd2+ 55. Ke2 Nb3 56. Rd1 Nc5 57. d7
Ne6 (57... Nxd7 58. Rxd7 $18) 58. d8=Q Nxd8 59. Rxd8 g5 60. Rd7 Rxd7 61. Nf6+
Kg6 62. Nxd7 Kf7 63. Kd2 Ke6 64. Nb6 h5 65. h4 $1 f4 (65... gxh4 66. Ke3 Ke5
67. Nc4+ Kd5 68. Na5 $1 Ke5 69. Nc6+ Kd5 (69... Kd6 70. Nd4 Ke5 71. Ne2) 70.
Ne7+ $18) 66. hxg5 Kf5 67. Nc4 Kxg5 68. Nd6 e3+ 69. fxe3 h4 70. Ne4+ (70. e4 $4
{Huzman} f3 71. gxf3 h3 72. e5 Kf4 73. Ne4 Kxf3 74. Ng5+ Kf4 $11) 70... Kg4 71.
Ke2 Kf5 (71... fxe3 72. Kxe3 h3 73. Nf2+ $18 (73. Nf2+ {Huzman} Kg3 74. gxh3
$18)) 72. Nf2 {. With this win, my score went to 6 points. I then remembered
the tournament in Madrid 1993 where I won my last round game against Judit and
tied with Kramnik and Topalov, who had just drawn their last round game...!}
1-0

[Event "Amber-blindfold 06th"]
[Site "Monte Carlo"]
[Date "1997.??.??"]
[Round "4"]
[White "Anand, Viswanathan"]
[Black "Karpov, Anatoly"]
[Result "1/2-1/2"]
[WhiteElo "2765"]
[BlackElo "2760"]
[PlyCount "49"]
[EventDate "1997.04.18"]
[EventType "tourn (rapid)"]
[EventRounds "11"]
[EventCountry "MNC"]
[EventCategory "18"]
[SourceTitle "CBM 057 Extra"]
[Source "ChessBase"]
[SourceDate "1997.05.01"]
[SourceVersion "1"]
[SourceVersionDate "1997.05.01"]
[SourceQuality "1"]

1. d4 Nf6 2. c4 e6 3. Nf3 b6 4. g3 Ba6 5. b3 b5 6. cxb5 Bxb5 7. Bg2 d5 8. O-O
Nbd7 9. Nc3 Ba6 10. Re1 Bb4 11. Bd2 c5 12. dxc5 Bxc5 13. b4 Bxb4 14. Qa4 Qa5
15. Qxa5 Bxa5 16. Nxd5 Bxd2 17. Nxf6+ Nxf6 18. Nxd2 Rc8 19. Nb3 O-O 20. Nd4 Rc7
21. a4 Rd8 22. e3 Kf8 23. h3 Rdc8 24. Nb5 Bxb5 25. axb5 1/2-1/2

[Event "Amber-blindfold 06th"]
[Site "Monte Carlo"]
[Date "1997.??.??"]
[Round "8"]
[White "Anand, Viswanathan"]
[Black "Lautier, Joel"]
[Result "1-0"]
[WhiteElo "2765"]
[BlackElo "2630"]
[PlyCount "85"]
[EventDate "1997.04.18"]
[EventType "tourn (rapid)"]
[EventRounds "11"]
[EventCountry "MNC"]
[EventCategory "18"]
[SourceTitle "CBM 057 Extra"]
[Source "ChessBase"]
[SourceDate "1997.05.01"]
[SourceVersion "1"]
[SourceVersionDate "1997.05.01"]
[SourceQuality "1"]

1. e4 c5 2. Nf3 d6 3. d4 cxd4 4. Nxd4 Nf6 5. Nc3 a6 6. Be3 e5 7. Nf3 Be7 8. Bc4
O-O 9. O-O Be6 10. Bb3 Re8 11. Nh4 g6 12. Nf3 Nbd7 13. Qe2 b5 14. Rfd1 Qc7 15.
Bg5 b4 16. Nd5 Nxd5 17. Bxd5 Bxd5 18. Rxd5 Bxg5 19. Nxg5 Nf6 20. Rdd1 h6 21.
Nf3 Qc6 22. Qd2 Nxe4 23. Qxh6 Qxc2 24. Qe3 Qc6 25. Rac1 Qb7 26. h4 Re6 27. Ng5
Nxg5 28. hxg5 d5 29. Rd3 d4 30. Qh3 Rc8 31. Re1 Qe7 32. Qh4 Qf8 33. Rh3 Qg7 34.
Qe4 Rd6 35. Qd3 Rdc6 36. Re4 f6 37. Qb3+ Rc4 38. gxf6 Qxf6 39. Reh4 a5 40. Kh2
R8c7 41. Qa4 R4c6 42. Qxa5 g5 43. Qd5+ 1-0

[Event "Amber-rapid 06th"]
[Site "Monte Carlo"]
[Date "1997.??.??"]
[Round "6"]
[White "Shirov, Alexei"]
[Black "Anand, Viswanathan"]
[Result "1/2-1/2"]
[WhiteElo "2690"]
[BlackElo "2765"]
[PlyCount "48"]
[EventDate "1997.04.18"]
[EventType "tourn (rapid)"]
[EventRounds "11"]
[EventCountry "MNC"]
[EventCategory "18"]
[SourceTitle "CBM 057 Extra"]
[Source "ChessBase"]
[SourceDate "1997.05.01"]
[SourceVersion "1"]
[SourceVersionDate "1997.05.01"]
[SourceQuality "1"]

1. e4 c5 2. Nf3 d6 3. d4 cxd4 4. Nxd4 Nf6 5. Nc3 Nc6 6. Bg5 e6 7. Qd2 Be7 8.
O-O-O O-O 9. f4 Nxd4 10. Qxd4 Qa5 11. Kb1 Rd8 12. h4 Bd7 13. Bd3 h6 14. e5 dxe5
15. fxe5 Bc6 16. Qf4 Nh5 17. Qg4 Rxd3 18. Rxd3 hxg5 19. Qxh5 gxh4 20. Rd4 g6
21. Rg4 Qc5 22. Rf1 Bf6 23. Rxg6+ fxg6 24. Qxg6+ Bg7 1/2-1/2

[Event "Amber-rapid 06th"]
[Site "Monte Carlo"]
[Date "1997.??.??"]
[Round "8"]
[White "Lautier, Joel"]
[Black "Anand, Viswanathan"]
[Result "1/2-1/2"]
[WhiteElo "2630"]
[BlackElo "2765"]
[PlyCount "72"]
[EventDate "1997.04.18"]
[EventType "tourn (rapid)"]
[EventRounds "11"]
[EventCountry "MNC"]
[EventCategory "18"]
[SourceTitle "CBM 057 Extra"]
[Source "ChessBase"]
[SourceDate "1997.05.01"]
[SourceVersion "1"]
[SourceVersionDate "1997.05.01"]
[SourceQuality "1"]

1. d4 Nf6 2. c4 e6 3. Nc3 Bb4 4. e3 c5 5. Nge2 cxd4 6. exd4 O-O 7. a3 Be7 8. d5
exd5 9. cxd5 Bc5 10. Nd4 d6 11. Be2 a6 12. O-O Nbd7 13. Bg5 Re8 14. b4 Ba7 15.
Rc1 h6 16. Bh4 Nf8 17. h3 Bd7 18. Bg3 Rc8 19. Bf3 Qb6 20. Nb3 Ng6 21. Na5 Ne5
22. Be2 Qd4 23. Qb3 Nd3 24. Bxd3 Qxd3 25. Bxd6 Bd4 26. Na2 Qxb3 27. Nxb3 Bb2
28. Rxc8 Rxc8 29. Nc5 Bxa3 30. Rb1 a5 31. Rb3 axb4 32. Nxd7 Nxd7 33. Nxb4 Bxb4
34. Rxb4 Rc1+ 35. Kh2 Rd1 36. Rxb7 Nf6 1/2-1/2

[Event "Leon m"]
[Site "Leon"]
[Date "1997.??.??"]
[Round "2"]
[White "Illescas Cordoba, Miguel"]
[Black "Anand, Viswanathan"]
[Result "0-1"]
[WhiteElo "2635"]
[BlackElo "2765"]
[Annotator "Huzman,A"]
[PlyCount "42"]
[EventDate "1997.06.08"]
[EventType "match"]
[EventRounds "6"]
[EventCountry "ESP"]
[SourceTitle "CBM 060"]
[Source "ChessBase"]
[SourceDate "1997.09.29"]
[SourceVersion "1"]
[SourceVersionDate "1997.09.29"]
[SourceQuality "1"]

1. d4 d5 2. c4 dxc4 3. Nf3 a6 4. e3 Nf6 5. Bxc4 e6 6. O-O c5 7. Bb3 Nc6 (7...
Be7 8. Nc3 Nc6 9. Re1 cxd4 10. exd4 O-O 11. Bf4 Na5 12. Bc2 b5 13. d5 exd5 14.
Qd3 g6 15. Rxe7 Qxe7 16. Bg5 Qd6 17. Qd4 Nh5 18. Nxd5 Nc6 19. Qd2 f6 20. Bb3
Kh8 21. Be3 Bg4 22. Nb6 Qxd2 23. Nxd2 Rad8 $17 {0-1 Illescas Cordoba,M-Anand,V/
Leon m 1997 (37)}) 8. Qe2 cxd4 9. Rd1 Be7 (9... d3 10. Rxd3 Qc7 11. Nc3 Be7 12.
e4 Nd7 13. Be3 (13. Rd1 O-O 14. Bc2 b6 15. e5 Rd8 $1 {[%cal Yd7f8,Yf8g6]} 16.
Bf4 Bb7 17. Rac1 (17. h4 $1 {/\17...Nf818Bg5 xd6}) 17... Nf8 18. Bb1 Rxd1+ 19.
Qxd1 Rd8 20. Qe2 Ng6 21. Bxg6 $5 (21. Bg3 Nd4 22. Nxd4 Rxd4 $15) 21... hxg6 22.
Ne4 {[%cal Re4d6]} Qd7 $15 {[%cal Gd7d3] 1/2-1/2 Cvitan,O-Godena,M/EU-chTM
1997 (41)}) 13... Nc5 14. Rdd1 O-O 15. Bc2 b6 16. Rac1 Bb7 17. a3 Bf6 18. b4 $1
Bxc3 19. bxc5 bxc5 20. Bxc5 Rfd8 21. Qe3 (21. Bd3 $142 $1 Bf6 22. Qe3 $14)
21... Bb2 22. Rb1 Rxd1+ 23. Bxd1 Bf6 $11 {1/2-1/2 Cvitan,O-Magem Badals,J/
EU-chTM 1997 (24)}) 10. exd4 (10. Nxd4 $142 Nxd4 11. Rxd4 Qc7 12. Rc4 $5 $36)
10... Na5 $1 {[%csl Rd5]} 11. Bc2 b5 {[%cal Yc8b7]} 12. Nc3 (12. a4 $5 b4 13.
Bg5 Bb7 14. Nbd2 {[%csl Ra5]}) 12... Bb7 13. Ne5 Rc8 14. a3 {[%cal Gd1d3,Gd3g3,
Gd3h3]} (14. Bg5 O-O 15. Bxf6 $5 Bxf6 16. Be4 {[%csl Rd5]}) 14... O-O 15. Rd3
Nc4 $1 $17 {[%csl Rb2]} 16. Rg3 $2 (16. Rh3 Qxd4 17. Bxh7+ Nxh7 18. Qh5 Be4 $19
) (16. Bg5 Nxb2 17. Rh3 g6 $17) (16. Rb1 $142 {[%cal Gc1g5]}) 16... Qxd4 $1 17.
Bh6 $2 (17. Nxc4 Qxc4 18. Bd3 Qc7 19. Bh6 Ne8 $17) 17... Nxe5 18. Rxg7+ (18.
Rd1 Qc5 19. Bxg7 Ng6 $19) 18... Kh8 19. Rd1 (19. Rg5 Rg8 $1 $19) 19... Qc5 20.
Rd5 (20. Rg5 Rg8 21. Rxe5 Rxg2+ 22. Kf1 Rxh2 $19) 20... Bxd5 (20... Nf3+ $5 21.
Qxf3 Bxd5 $19) 21. Qxe5 {[%cal Gg7h7]} Be4 $1 $19 0-1